000 00288nam a22001337a 4500
008 170823b xxu||||| |||| 00| 0 eng d
020 _a0387977430
041 _aeng
080 _a514
100 _a38
101 _aMAT
245 _aGEOMETRY OF SURFACES
_cSTILLWELL,J
942 _2udc
_cBK
999 _c24706
_d24706